Countries by Initial Letter and Length #3 - One Minute Sprint - Statistics

General Stats
  • This quiz has been taken 515 times
  • The average score is 13 of 20
Answer Stats
hint country % Correct
M4 Mali
99%
L4 Laos
88%
F7 Finland
83%
G5 Ghana
81%
G5 Gabon
74%
E16 Equatorial Guinea
73%
T5 Tonga
72%
K6 Kosovo
68%
A7 Armenia
66%
I7 Iceland
65%
I7 Ireland
65%
K6 Kuwait
65%
A7 Austria
57%
A7 Albania
55%
C6 Canada
55%
A7 Algeria
51%
T8 Thailand
50%
A7 Andorra
49%
C6 Cyprus
42%
T8 Tanzania
41%
No matching quizzes found
Score Distribution
Percent of People with Each Score
Percentile by Number Answered
Your Score History
You have not taken this quiz